Autour des signes du zodiaques - Statistiques

Statistiques générales
  • Ce quiz a été pris 108 fois
  • Le résultat moyen est 36 sur 111
Statistiques - réponses
Hint Réponse % Correct
Couleurs (citez-en une) Bélier Rouge | Blanc
80%
Couleurs (citez-en une) Taureau Vert | Rose | Saumon
77%
Couleurs (citez-en une) Lion Ocre | Jaune | Or
62%
Couleurs (citez-en une) Poissons Bleu | Violet | Blanc | Noir
60%
Couleurs (citez-en une) Scorpion Rouge | Blanc | Noir | Jaune
59%
Couleurs (citez-en une) Gémeaux Brun | Marron | Jaune
58%
Couleurs (citez-en une) Sagittaire Pourpre | Violet | Bleu | Rouge | Noir
56%
Couleurs (citez-en une) Verseau Indigo | Violet | Gris | Marine | Rouge | Noir | Blanc
54%
Couleurs (citez-en une) Vierge Ocre | Vert | Jaune | Orange | Brun | Bleu marine | Turquoise
51%
Eléments (citez un des signes de...) Feu Bélier | Lion | Sagittaire
48%
Couleurs (citez-en une) Cancer Blanc
48%
Quel signe a ce symbole ? ♐︎ Sagittaire
48%
Quel signe a ce symbole ? ♈︎ Bélier
47%
Quel signe a ce symbole ? ♋︎ Cancer
47%
Quel signe a ce symbole ? ♉︎ Taureau
47%
Quel signe a ce symbole ? ♍︎ Vierge
47%
Quel signe a ce symbole ? ♎︎ Balance
46%
Couleurs (citez-en une) Balance Beige | Blanc | Noir | Lilas | Fuschia | Gris
46%
Eléments (citez un des signes de...) Eau Cancer | Scorpion | Soissons
46%
Quel signe a ce symbole ? ♑︎ Capricorne
46%
Quel signe a ce symbole ? ♊︎ Gémeaux
46%
Quel signe a ce symbole ? ♌︎ Lion
46%
Couleurs (citez-en une) Capricorne Noir | Beige | Gris | Taupe
46%
Quel signe a ce symbole ? ♓︎ Poissons
46%
Quel signe a ce symbole ? ♏︎ Scorpion
46%
Quel signe a ce symbole ? ♒︎ Verseau
46%
Eléments (citez un des signes de...) Terre Taureau | Vierge [ Capricorne
44%
Eléments (citez un des signes de...) Air Gémeaux | Balance | Verseaux
43%
Planètes maitresses (citez celle du signe) Soleil Lion
43%
Signes "ennemis" (citez-en un) Taureau Bélier | Gémeaux | Sagittaire
42%
Signes "ennemis" (citez-en un) Cancer Bélier | Gémeaux | Sagittaire | Poissons
42%
Signes amis (citez-en un) Cancer Cancer | Lion | Scorpion
42%
Signes amis (citez-en un) Gémeaux Gémeaux | Cancer | Lion | Verseau | Poissons
42%
Signes amis (citez-en un) Bélier Gémeaux | Vierge | Capricorne | Verseau | Poissons
42%
Signes "ennemis" (citez-en un) Gémeaux Bélier | Balance | Taureau
41%
Signes amis (citez-en un) Verseau Bélier | Capricorne | Verseau | Poissons
41%
Signes amis (citez-en un) Lion Bélier | Verseau | Capricorne
41%
Signes amis (citez-en un) Balance Bélier | Vierge | Capricorne | Poissons
41%
Signes amis (citez-en un) Capricorne Bélier | Vierge | Poissons
41%
Signes "ennemis" (citez-en un) Bélier Bélier | Taureau | Cancer
40%
Planètes maitresses (citez celle du signe) Lune Cancer
40%
Signes amis (citez-en un) Sagittaire Taureau | Cancer | Capricorne
40%
Signes amis (citez-en un) Taureau Taureau | Lion | Verseau | Poissons
40%
Signes amis (citez-en un) Poissons Bélier | Gémeaux | Capricorne
38%
Planètes maitresses (citez celle du signe) Mars Bélier | Scorpion
38%
Planètes maitresses (citez celle du signe) Jupiter Sagittaire | Poissons
38%
Planètes maitresses (citez celle du signe) Vénus Taureau | Balance
38%
Signes amis (citez-en un) Scorpion Taureau | Cancer | Capricorne
38%
Signes amis (citez-en un) Vierge Taureau | Gémeaux | Poissons
38%
Signes "ennemis" (citez-en un) Lion Taureau | Vierge
38%
Signes "ennemis" (citez-en un) Vierge Bélier | Vierge | Sagittaire | Verseau
37%
Planètes maitresses (citez celle du signe) Terre Vierge
37%
Signes "ennemis" (citez-en un) Scorpion Bélier | Gémeaux | Sagittaire | Verseau
36%
Planètes maitresses (citez celle du signe) Mercure Gémeaux
36%
Signes "ennemis" (citez-en un) Capricorne Lion | Balance | Scorpion | Sagittaire
36%
Signes "ennemis" (citez-en un) Verseau Cancer | Vierge | Scorpion
35%
Planètes maitresses (citez celle du signe) Pluton Scorpion
35%
Signes "ennemis" (citez-en un) Balance Taureau | Scorpion
35%
Signes "ennemis" (citez-en un) Sagittaire Vierge | Scorpion
35%
Signes "ennemis" (citez-en un) Poissons Balance | Vierge | Verseau
33%
Planètes maitresses (citez celle du signe) Uranus Verseau
33%
Planètes maitresses (citez celle du signe) Saturne Capricorne
32%
Planètes maitresses (citez celle du signe) Neptune Poissons
32%
Signes favorables pour l'être aimé (citez-en un) Sagittaire Bélier | Gémeaux | Lion | Balance | Poissons
31%
Signes favorables pour l'être aimé (citez-en un) Taureau Cancer | Vierge | Balance | Scorpion
31%
Signes favorables pour l'être aimé (citez-en un) Lion Gémeaux | Cancer | Lion | Balance | Sagittaire | Poissons
31%
Signes favorables pour l'être aimé (citez-en un) Verseau Gémeaux | Lion | Sagittaire
31%
Signes favorables pour l'être aimé (citez-en un) Vierge Gémeaux | Cancer | Lion | Scorpion
30%
Signes favorables pour l'être aimé (citez-en un) Bélier Lion | Balance | Scorpion | Sagittaire
30%
Fleurs (citez-en une) Taureau Rose | Lys | Lilas | Eglantine | Marguerite | Glycine | Muguet
30%
Signes favorables pour l'être aimé (citez-en un) Poissons Taureau | Cancer | Lion | Scorpion | Sagittaire
30%
Signes favorables pour l'être aimé (citez-en un) Capricorne Taureau | Gémeaux | Cancer | Verseau
30%
Signes favorables pour l'être aimé (citez-en un) Scorpion Vierge | Balance | Scorpion | Poissons
30%
Signes favorables pour l'être aimé (citez-en un) Balance Gémeaux | Cancer | Lion | Sagittaire | Verseau
28%
Signes favorables pour l'être aimé (citez-en un) Cancer Taureau | Vierge | Balance
28%
Signes favorables pour l'être aimé (citez-en un) Gémeaux Vierge | Scorpion | Sagittaire | Capricorne
28%
Fleurs (citez-en une) Cancer Dahlia | Hortensia | Rose | Anémone | Jacinthe | Ipomée | Lotus
23%
Fleurs (citez-en une) Bélier Tulipe | Chêvrefeuille | Chardon | Ortie | Perce-neige
22%
Fleurs (citez-en une) Vierge Chrysanthème | Amaryllis | Bouton d'or | Camélia | Myosotis | Bleuet | Orchidée | Rose
20%
Fleurs (citez-en une) Balance Glaïeul | Tulipe | Camélia | Rose | Hortensia
20%
Fleurs (citez-en une) Gémeaux Pivoine | Hibiscus | Iris | Lavande | Muguet | Muflier | Tulipe
20%
Fleurs (citez-en une) Scorpion Rose | Datura | Colchique | Ancolie | Chrysanthème | Hibiscus | Orchidée | Géranium
20%
Pierres favorables (citez-en une) Bélier Citrine | Oeil de tigre | Jaspe | Hématite | Unakite | Pierre de soleil | Rubis
17%
Métaux (citez-en un) Lion Or | Argent
17%
Pierres favorables (citez-en une) Lion Diamant | Péridot | Citrine | Oeil de tigre | Onyx | Cristal de roche
16%
Métaux (citez-en un) Bélier Fer | Acier
16%
Pierres favorables (citez-en une) Taureau Quartz rose | Aventurine | Jaspe | Malachite | Emeraude | Tourmaline rose
16%
Fleurs (citez-en une) Lion Tournesol | Pivoine | Dahlia | Oeillet d'Inde
15%
Pierres favorables (citez-en une) Cancer Obsidienne | Cornaline | Quartz rose | Rhodochrosite | Pierre de lune | Opale | Sélénite | Tourmaline
12%
Fleurs (citez-en une) Verseau Renoncule | Orchidée | Arum | Jonquille | Lupin | Lys
12%
Pierres favorables (citez-en une) Balance Aventurine | Citrine | Jaspe mokaïte | Quartz rose | Malachite | Lapis lazuli | Jade | Topaze
11%
Métaux (citez-en un) Scorpion Fer | Argent
11%
Pierres favorables (citez-en une) Scorpion Hématite | Citrine | Turquoise | Malachite | Grenat | Topaze
11%
Pierres favorables (citez-en une) Verseau Améthyste | Hématite | Lapis lazuli | Amazonite | Grenat | Angélite
10%
Pierres favorables (citez-en une) Vierge Améthyste | Oeil de tigre | Jaspe paysage | Sodalite | Citrine | Jade | Unakite | Ambre | Agathe | Cornaline | Turquoise
10%
Métaux (citez-en un) Cancer Argent
10%
Pierres favorables (citez-en une) Gémeaux Citrine | Oeil de tigre | Turquoise | Labradorite
10%
Pierres favorables (citez-en une) Capricorne Péridot | Améthyste | Quartz rose | Obsidienne | Onyx | Malachite | Hématite | Jais
10%
Pierres favorables (citez-en une) Poissons Turquoise | Lapis lazuli | Améthyste | Sodalite | Amazonite | Saphir | Turquoise
10%
Métaux (citez-en un) Taureau Cuivre
9%
Fleurs (citez-en une) Poissons Narcisse | Nénuphar | Lotus | Violette | Mauve | Chicorée
9%
Pierres favorables (citez-en une) Sagittaire Améthyste | Lapis lazuli | Oeil de tigre | Sodalite | Labradorite | Cornaline | Citrine
7%
Fleurs (citez-en une) Sagittaire Oiseau de paradis | Strelitzia | Oeillet | Magnolia | Mimosa
7%
Métaux (citez-en un) Gémeaux Mercure
6%
Métaux (citez-en un) Balance Titane | Cuivre | Chrome
6%
Métaux (citez-en un) Verseau Uranium | Aluminium
5%
Fleurs (citez-en une) Capricorne Calla | Pensée | Edelweiss | Hellébore | Ciguë
4%
Métaux (citez-en un) Sagittaire Etain
4%
Métaux (citez-en un) Poissons Platine | Palladium | Rhodium | Osmium | Ruthénium
4%
Métaux (citez-en un) Capricorne Plomb
2%
Métaux (citez-en un) Vierge Nickel
1%
Aucun quiz correspondant
Distribution des résultats
% des personnes avec chaque résultat
Percentile par nombre de réponses
Votre historique - résultats
Vous n’avez pas pris ce quiz